LEADER 01535nam--2200397---450- 001 990000754070203316 005 20100623101220.0 010 $a3-428-07643-5 035 $a0075407 035 $aUSA010075407 035 $a(ALEPH)000075407USA01 035 $a0075407 100 $a20011120d1993----km-y0itay0103----ba 101 $aeng 102 $aDE 105 $a||||||||001yy 200 1 $a<> future of international law enforcement$enew scenarios new law?$eproceedings of an International symposium of the Kiel Institute of international law$eMarch 25 to 27, 1992$fedited by Jost Belbruck$gassistant editor Ursula E. Heinz 210 $aBerlin$cDuncker & Humblot$dc1993 215 $a188 p.$d24 cm 225 2 $aVeroffentlichungen des Instituts fur Internationales Recht an der Universitat Keil$v115 410 $12001$aVeroffentlichungen des Instituts fur Internationales Recht an der Universitat Keil$v115 606 $aDiritto internazionale$xCongressi 676 $a341 702 1$aDELBRUCK,$bJost 801 0$aIT$bsalbc$gISBD 912 $a990000754070203316 951 $aXXIII.1. Coll. 2/ 22 (COLL. AMS 115)$b1792 G$cXXIII.1. Coll. 2/ 22 (COLL. AMS)$d00271835 959 $aBK 969 $aGIU 979 $aPATTY$b90$c20011120$lUSA01$h1250 979 $aPATTY$b90$c20011120$lUSA01$h1250 979 $c20020403$lUSA01$h1723 979 $aPATRY$b90$c20040406$lUSA01$h1652 979 $aRSIAV2$b90$c20100623$lUSA01$h1012 996 $aFuture of international law enforcement$9660920 997 $aUNISA LEADER 01789nam 2200325z- 450 001 9910572188703321 005 20231214133222.0 035 $a(CKB)5860000000047183 035 $a(oapen)https://directory.doabooks.org/handle/20.500.12854/83569 035 $a(EXLCZ)995860000000047183 100 $a20202206d2013 |y 0 101 0 $aeng 135 $aurmn|---annan 181 $ctxt$2rdacontent 182 $cc$2rdamedia 183 $acr$2rdacarrier 200 10$aElectronic Imaging & the Visual Arts. EVA 2013 Florence 210 $aFlorence$cFirenze University Press$d2013 215 $a1 electronic resource (180 p.) 225 1 $aProceedings e report 311 $a88-927-3508-X 330 $aImportant Information Technology topics are presented: multimedia systems, data-bases, protection of data, access to the content. Particular reference is reserved to digital images (2D, 3D) regarding Cultural Institutions (Museums, Libraries, Palace ? Monuments, Archaeological Sites). The main parts of the Conference Proceedings regard: Strategic Issues, EC Projects and Related Networks & Initiatives, International Forum on ?Culture & Technology?, 2D ? 3D Technologies & Applications, Virtual Galleries ? Museums and Related Initiatives, Access to the Culture Information. Three Workshops are related to: International Cooperation, Innovation and Enterprise, Creative Industries and Cultural Tourism. 606 $aCommunications engineering / telecommunications$2bicssc 615 7$aCommunications engineering / telecommunications 700 $aCappellini$b Vito$4edt$07911 702 $aCappellini$b Vito$4oth 906 $aBOOK 912 $a9910572188703321 996 $aElectronic Imaging & the Visual Arts. EVA 2013 Florence$93025459 997 $aUNINA